000 01020pam a2200289 a 4500
001 3959345
005 20171227043717.0
008 940317s1994 nyuaf bd 000 0 eng
010 _a 94011000
020 _a0826406440 (hardcover) :
_c$39.50
040 _aDLC
_cDLC
_dDLC
041 1 _aeng
080 _a302.22203 BEC
082 0 0 _a302.22203 BEC
_220
100 1 _a23
101 _aENC
240 1 0 _aLexikon der Symbole.
_lEnglish
245 1 4 _aThe Continuum encyclopedia of symbols /
_cUdo Becker ; translated by Lance W. Garmer.
246 1 8 _aElement encyclopedia of symbols
504 _aIncludes bibliographical references (p. 344-345).
740 0 _aEncyclopedia of symbols.
740 0 _aSymbols.
906 _a7
_bcbc
_corignew
_d1
_eocip
_f19
_gy-gencatlg
942 _2ddc
_cBK
999 _c39469
_d39469